000 00554nam a2200169 i 4500
001 150589
003 ES-MaACL
005 20230906203603.0
007 t|
008 071031s1919 fr ||||1| fre d
100 1 _aValdour, Jacques.
_9112555
245 1 3 _aLa vie ouvriere
_b: . L'ouvrier espagnol /
_cobservations vécues par Jacques Valdour.
260 _aParis :
_b[s.n.],
_c1919 (
_fImp. Jouve)
300 _a2 v. ;
_c19 cm.
505 8 _aContiene : I. Catalogue . - II. Andalousie, Aragon, Castille, Pays Basque
852 _aES-MaACL
_jF-10109-10
999 _c150589
_d150589